Library of the University of Algiers 3
Ibrahim Sultan Cheibout
شعار جامعة الجزائر 3
مكتبة جامعة الجزائر 3
إبراهيم سلطان شيبوط

مبادئ الإقتصاد السياسي / (رقم التسجيلة. 44407)

تفاصيل مارك
000 -LEADER
fixed length control field 01307nam a2200217Ia 4500
003 - CONTROL NUMBER IDENTIFIER
control field Ost
005 - DATE AND TIME OF LATEST TRANSACTION
control field 20260507075411.0
008 - FIXED-LENGTH DATA ELEMENTS--GENERAL INFORMATION
fixed length control field 260507s9999||||xx |||||||||||||| ||und||
040 ## - CATALOGING SOURCE
Transcribing agency fsecg
041 ## - LANGUAGE CODE
Language code of text/sound track or separate title ara
082 ## - DEWEY DECIMAL CLASSIFICATION NUMBER
Classification number 330
100 ## - MAIN ENTRY--PERSONAL NAME
Personal name دويدار، محمد
Relator term مؤلف
245 #0 - TITLE STATEMENT
Title مبادئ الإقتصاد السياسي /
Statement of responsibility, etc. محمد دويدار
260 ## - PUBLICATION, DISTRIBUTION, ETC.
Place of publication, distribution, etc. الإسكندرية:
Name of publisher, distributor, etc. دار الجامعة الجديدة,
Date of publication, distribution, etc. 2008
300 ## - PHYSICAL DESCRIPTION
Extent 910 صفحة؛
Other physical details إيضاحات ؛
Dimensions 24 سم
520 ## - SUMMARY, ETC.
Summary, etc. يضم الاقتصاد السياسي وعلم اجتماع، الاقتصاد السياسي كعلم، تاريخ الاقتصاد السياسي، الاقتصاد السياسي وعلم طرق الانتاج، الاقتصاد السياسي والرأسمالية، بعض قضايا المنهج، النظرية الاقتصادية بين الكلاسيك وماركس، النظرية الاقتصادية للمدرسة النيوكلاسيكية، في نقد النظرية الحدية في تحديد الاثمان، الجوانب السلبية للعملية الاقتصادية الرأسمالية
653 ## - INDEX TERM--UNCONTROLLED
Uncontrolled term الإقتصاد السياسي
653 ## - INDEX TERM--UNCONTROLLED
Uncontrolled term الإقتصاد- السياسة
653 ## - INDEX TERM--UNCONTROLLED
Uncontrolled term المذاهب الإقتصادية
942 ## - ADDED ENTRY ELEMENTS (KOHA)
Koha item type كتب
المقتنيات
Withdrawn status Lost status Source of classification or shelving scheme Damaged status Not for loan Home library Current library Date acquired Serial enumeration / chronology Inventory number Total checkouts Full call number Barcode Date last seen Price effective from Koha item type
    Dewey Decimal Classification   NOT LOAN / إعارة داخلية مكتبة كلية العلوم الإقتصادية والعلوم التجارية وعلوم التسيير مكتبة كلية العلوم الإقتصادية والعلوم التجارية وعلوم التسيير 07/05/2026 الطابق الأرضي 27085   أ/4470ن1 27085 07/05/2026 07/05/2026 كتب
    Dewey Decimal Classification   Available مكتبة كلية العلوم الإقتصادية والعلوم التجارية وعلوم التسيير مكتبة كلية العلوم الإقتصادية والعلوم التجارية وعلوم التسيير 07/05/2026 الطابق الأرضي 27086   أ/4470ن2 27086 07/05/2026 07/05/2026 كتب
    Dewey Decimal Classification   Available مكتبة كلية العلوم الإقتصادية والعلوم التجارية وعلوم التسيير مكتبة كلية العلوم الإقتصادية والعلوم التجارية وعلوم التسيير 07/05/2026 الطابق الثاني 27087   أ/4470ن3 27087 07/05/2026 07/05/2026 كتب

موارد الويب المفتوحة


© University of Algiers 3 All Rights Reserved
|
Implemented by LECHELAH Riad